000 00596nam a2200217Ii 4500
001 1546
003 CO-ViMGA
008 241108s9999||||xx |||||||||||||| ||und||
020 _a9681846966
040 _aCO-ViMGA
_bspa
_erda
_cCO-ViMGA
041 0 _aspa
082 0 4 _a320.09 L11c
100 1 _aHoracio Labastida
_947918
245 1 0 _aCómo acercarse a la política
264 1 _aMéxico : Limusa, 1993
300 _avolumen
336 _atext
_btxt
_2rdacontent
337 _aunmediated
_bn
_2rdamedia
338 _avolume
_bnc
_2rdacarrier
940 _aidficha_siabuc: 1515. -- ficha_no_siabuc:1546
999 _c42554
_d42554